000 00828cam a2200277 i 4500
001 2697814
003 ARRUPE
005 20160210143615.0
008 750501s1972 enk b 000 1 mul
010 _a 75505177
015 _aGB74-12545
020 _a0423828703 :
_c£1.30
040 _aDLC
_cDLC
_dDLC
050 0 0 _aPQ2637.I54
_bP3
082 0 0 _a448/.6/421
100 1 _aSimon, Claude.
_922235
245 1 3 _aLe Palace /
_cClaude Simon ; edited by John Sturrock.
260 _aLondon :
_bMethuen,
_c1972.
300 _axxxi, 183 p. ;
_c20 cm.
490 0 _aMethuen's twentieth century French texts
500 _aIntroduction in English, text in French.
504 _aBibliography: p. xxxi.
700 1 _aSturrock, John.
_922236
906 _a7
_bcbc
_corignew
_d3
_encip
_f19
_gy-gencatlg
942 _2lcc
_cMONOGRAPH
999 _c124157
_d124157